000 00614nam a2200181Ia 4500
008 140321s9999 xx 000 0 und d
020 _a9780415650786
050 _aBF 698.9.O3
_b.P465 2004
245 _aPersonality and organizations /
_cedited by : Benjamin Schneider and D. Brent Smith.
260 _aNew Jersey :
_bLawrence Erlbaum Associates,
_cc2004.
300 _a439 p. :
_c24 cm.
440 _a(LEA's organization and management series).
500 _aIncludes bibliographical references and index.
521 _aPSYCH
650 _aPersonality and occupation.
942 _kFOR
_cBK
999 _c48695
_d48695